| 000 | 00676nam a2200229 u 4500 | ||
|---|---|---|---|
| 005 | 20241022063651.0 | ||
| 008 | 091214s2004 r 000 0 eng d | ||
| 020 | _a8427126271 | ||
| 035 | _aUPN01000174272 | ||
| 049 | _aCG | ||
| 050 | 4 |
_aHQ772 _bC6.2 |
|
| 100 | 1 | _aConesa Ferrer, Miguel Angel | |
| 245 | 1 | 0 |
_a50 ideas para hacer feliz a tu hijo / _cMiguel Angel Conesa Ferrer. |
| 260 |
_aBilbao, Esp. : _bMensajero, _c2004. |
||
| 300 |
_a223 p. : _bcuadros |
||
| 650 | 4 |
_aPsicología infantil _990 |
|
| 650 | 4 |
_aNiños _xDirección _96094 |
|
| 650 | 0 |
_aRelación padres-hijos _91359 |
|
| 650 | 4 |
_aNiños _xSalud e higiene _94876 |
|
| 905 | _aLibro | ||
| 999 |
_c146376 _d146376 |
||